000 00826cam a2200241 4500
001 J1147
008 090401t1992 xxu||||| |||| 00| 0 eng d
035 _a(Sirsi) u42031
041 _aeng
050 _a711.14
_c18
110 _aUnited Kingdom
_bDepartment of the Environment
_9982
245 _aDisposal of surplus government land - obligation to offer land back to former owners or their successors
_bthe Crichel Down Rules
260 _aLondon
_bDoE
_c1992
300 _a9,1p.
_c30cm.
650 _aCompulsory purchase
_96228
650 _aCRICHEL DOWN RULES
650 _aGOVERNMENT LAND
650 _aSURPLUS LAND
690 _aENVIRONMENTAL AND LAND CONSULTANCY-PLANNING AND DEVELOPMENT-COMPULSORY PURCHASE AND COMPENSATION
710 _aUnited Kingdom
_bWelsh Office
_91214
942 _n0
948 _c04/03/1997
999 _c91015
_d91015